000 00778nmm a2200205Ia 4500
008 251105s9999||||xx |||||||||||||||||und||
020 _a9788483441725
041 _aspa
100 _aMoreno Otín, Violeta
245 0 _aLas medidas agroambientales y la conservación de las aves esteparias :
_b Análisis de eficiencia y propuesta de mejora para las estepas cerealistas de los ríos Jarama y Henares
264 _a[Madrid, España] :
_bUniversidad Autónoma de Madrid,
_c2010
300 _a92 páginas
490 _aColección de Estudios
650 _aBiology and natural sciences
700 _aMoreno Otín, Violeta
700 1 _a Traba Díaz, Juan
700 1 _a Morales Prieto, Manuel B.
856 _uhttps://public.digitaliapublishing.com/a/12855
942 _cCF
999 _c69056
_d69056